| 000 | 00481nam a22001697a 4500 | ||
|---|---|---|---|
| 003 | OSt | ||
| 005 | 20140205121710.0 | ||
| 008 | 130426s2003 sp ||||| |||| 00| 0 cat d | ||
| 020 | _a8483187728 | ||
| 040 |
_cCDMR _bcat |
||
| 100 | 1 |
_913 _aFigueres i Artigues, Josep Maria |
|
| 245 | 1 | 0 |
_aHistòria contemporània de Catalunya _cJosep M. Figueres i Artigues |
| 260 |
_aBarcelona _bUOC _c2003 |
||
| 300 |
_a271 p. _e+ 1 CD-ROM |
||
| 650 | 0 | 4 |
_93166 _aCatalunya _xHistòria |
| 942 |
_2udc _cMON |
||
| 999 |
_c6150 _d6150 |
||